Statistics for Montrose Regional Airport Destinations (Montrose, CO, USA)

Click here to take the quiz!

General Stats

  • This quiz has been taken 11 times
  • The average score is 11 of 13

Answer Stats

AirlineDestination% Correct
American Airlines/American EagleDallas/Fort Worth
100%
Southwest AirlinesDallas (Love)
100%
Southwest Airlines/United Airlines/United ExpressDenver
100%
Delta Air LinesAtlanta
89%
Allegiant Air/United ExpressLos Angeles
89%
United ExpressSan Francisco
89%
United Airlines/United ExpressChicago (O'Hare)
78%
United ExpressHouston (Intercontinental)
78%
Allegiant AirLas Vegas
78%
American EaglePhoenix (Sky Harbor)
78%
Southwest AirlinesAustin
67%
United AirlinesNewark
67%
American AirlinesNew York (LaGuardia)
67%

Score Distribution

Percentile by Number Answered

Percent of People with Each Score

Your Score History

You have not taken this quiz